<?xml version="1.0" encoding="UTF-8"?>
<marc:record xmlns:marc="http://www.loc.gov/MARC21/slim">
   <marc:leader>00000nam a2200000 a 4500</marc:leader>
   <marc:datafield ind1="1" ind2=" " tag="100">
      <marc:subfield code="a">Hagelstange, Rudolf</marc:subfield>
      <marc:subfield code="4">aut</marc:subfield>
      <marc:subfield code="e">Verfasser/-in</marc:subfield>
   </marc:datafield>
   <marc:datafield ind1="0" ind2="0" tag="245">
      <marc:subfield code="a">Altherrensommer</marc:subfield>
   </marc:datafield>
   <marc:datafield ind1="0" ind2="0" tag="245">
      <marc:subfield code="b">Roman</marc:subfield>
   </marc:datafield>
   <marc:datafield ind1=" " ind2="1" tag="264">
      <marc:subfield code="b">Lizenzausgabe für die Deutsche Buchgemeinschaft</marc:subfield>
      <marc:subfield code="c">1997</marc:subfield>
   </marc:datafield>
   <marc:datafield ind1="1" ind2=" " tag="520">
      <marc:subfield code="a">Zwei Deutsche, ein jüngerer Reporter und ein älterer Schriftsteller, begegnen einander in der gemischten Gesellschaft eines Passagierdampfers, entdecken Sympathien, ja Freundschaft füreinander und teilen sich das Erleben und Beobachten. Beide haben gesteckte oder selbstgewählte Reiseziele, aber beider Weg führt ins Unerwartete. Dem Jüngeren, für den diese Reise mehr und mehr Fluchtweg aus einer seine Persönlichkeit frustierenden Bindung an eine ältere Frau wird, wirft das Schicksal die Chance für einen Neuanfang im Fernen Osten zu. Den Älteren führt es einer nicht mehr erhofften menschlichen und erotischen Erfahrung mit einer jungen Burmesin entgegen, die sein von Krankheit überschattetes Dasein noch einmal in die Helle und Glut eines Sommertages reißt, ehe es in der Dämmerung eines geheimnisvollen, euphorischen Abgangs erlischt.</marc:subfield>
   </marc:datafield>
</marc:record>
